000 00496nam a2200181 4500
001 126308
003 ES-MaACL
005 20230906192809.0
007 t|
008 070214s1952 sp r ||||1| spa d
245 0 0 _aDe la recaudación de impuestos.
260 _a[España?] :
_b[s.n.],
_c1952.
300 _a32 p. ;
_c22 cm.
490 1 _aBiblioteca técnico-legislativa
830 0 _aBiblioteca técnico-legislativa
_9186644
852 _aES-MaACL
_jD-9130
_bR.32640
999 _c126308
_d126308